Statistiche per Record F1 (Titoli Mondiali)

Clicka qui per fare il quiz!

Statistiche generali

  • Questo quiz è stato fatto 94 volte
  • Il punteggio medio è 7 su 10

Statistiche sulle risposte

RECORDAIUTORISPOSTA% Corretto
Maggior numero di titoli mondiali7Lewis Hamilton/Michael Schumacher
100%
Maggior numero di titoli mondiali consecutivi5Michael Schumacher
91%
Maggior numero di piazzamenti nei primi tre del mondiale12Michael Schumacher
91%
Campione del mondo più giovane23 anni, 134 giorniSebastian Vettel
89%
Maggior vantaggio sul secondo155 puntiSebastian Vettel
89%
Campione del mondo più anziano46 anni, 41 giorniJuan Manuel Fangio
63%
Minor vantaggio sul secondo0,5 puntiNiki Lauda
58%
Maggior numero di gran premi disputati prima di vincere il mondiale206Nico Rosberg
50%
Maggior numero di volte vicecampione del Mondo4Stirling Moss/Alain Prost
49%
Maggior numero di stagioni disputate prima di vincere il mondiale13Nigel Mansell
28%

Distribuzione punteggi

Percentile per numero di risposta

Percentuale di utenti per punteggio

I tuoi punteggi nel tempo

Non hai fatto questo quiz